000 00489nam a2200193 a 4500
001 1768017001498
003 YourLibrary
005 20260110115846.0
008 260110s2007##################000#0#eng##
020 _a9780202309125
082 0 4 _a302
_bARG
100 1 _aArgyle, Michael,
_eauthor.
245 1 0 _aSocial Interaction :
260 _bAldine De Gruyter,
_c2007.
300 _a503 pages
650 0 _aPsychology.
942 _cENGLISH
040 _aYourLibrary
_beng
_cYourLibrary
999 _c608107
_d608107